Prágai Magyar Hirlap. Roč. 16, č. 74-146, 1937

Podrobná bibliografia
Médium: Kniha
Jazyk:neznámy jazyk
Vydavateľské údaje: Budapest Prágai Magyar 1937

MARC

LEADER 00000nam a2200000 a 4500
001 vtls001349746
003 SK-MaSNL
005 20260224064753.0
008 981130s1937 xx 0 und
035 |a SNK000303068 
040 |a SNK  |b slo  |c SNK  |e AACR2 
245 1 |a Prágai Magyar Hirlap. Roč. 16, č. 74-146, 1937 
260 |a Budapest  |b Prágai Magyar  |c 1937 
999 |c 892149  |d 894079 
952 |t P60, <06>, [BOOK], {606}  |a SNK  |b SNK  |y PREZ  |7 0  |p 17A0170111  |o snkČA 1076/16/2/1937  |0 0  |1 1  |4 0  |d 1998-11-30  |l 0  |r 2005-01-02 00:00:00  |w 2026-02-24